| 000 | 07281cam a22019454i 4500 | ||
|---|---|---|---|
| 003 | PE-LiUPU | ||
| 005 | 20250813165947.0 | ||
| 008 | 150706s r 000 0 d | ||
| 020 | _a9788498357455 | ||
| 035 | _a(Sirsi) i9788498357455 | ||
| 040 |
_aPE-LiUPU _bspa _cPE-LiUPU _erda |
||
| 049 | _aPRUA | ||
| 082 | 0 | 4 |
_a616.895 _bT69 _221 |
| 100 | 1 |
_aTomàs Vilaltella, Josep, _eautor. |
|
| 245 | 1 | 0 |
_aTrastorno bipolar de incio precoz : _bconsensos y discrepancias / _cJosep Tomàs Vilaltella, Anna Bielsa Carrafa y Aurelia Rafael Linares. |
| 264 | 1 |
_aBarcelona : _bMédica Panamericana, _c2013. |
|
| 300 |
_a295 páginas : _bilustraciones ; _c24 cm. |
||
| 336 |
_atext _2rdacontent |
||
| 337 |
_aunmediated _2rdamedia |
||
| 338 |
_avolume _2rdacarrier |
||
| 505 | 0 | _aFundamentos del Trastorno Bipolar de inicio precoz -- Trastorno Bipolar de Inicio Precoz: Revisión.- Trastorno de la desregulación emocional: un diagnóstico controvertido -- Valoración del Trastorno Bipolar de Inicio Precoz -- Etiopatogenia del Trastorno Bipolar de inicio precoz: Causas y mecanismos -- Características de Neuroimagen en el trastorno bipolar de inicio en la infancia - Una mirada al trastorno bipolar de inicio precoz desde el marco de la psicología de desarrollo -- Evaluación del trastorno bipolar de inicio precoz -- Valoración de los signos y síntomas clínicos en el trastorno bipolar de inicio precoz -- Trastorno de la desregulación emocional: severa: Características clínicas -- Evaluación neuropsicológica en los niños y adolescentes con trastornos bipolar -- Funcionamiento neuropsicológica trastornos bipolar de inicio precoz: revisión de la situación -- Curso longitudinal y pronóstico del TBPP en la infancia y la adolescencia. Suicidio: relación entre suicidio y trastorno bipolar de inicio precoz -- Diagnóstico diferencial del Trastorno Bipolar de inicio Precoz -- Diagnóstico diferencial de la enfermedad bipolar en niños y adolescentes -- Trastorno Explosivo Intermitente. Diagnóstico diferencial con los Trastorno psicóticos -- Diagnóstico diferencial del Trastorno Bipolar de inicio Precoz: trastorno límites de la personalidad de debut en la adolescencia -- Trastorno bipolar en la infancia, niñez y adolescencia -- Generalidades y tratamiento psiquiátrico de la fase aguda -- Tratamiento de los episodios maníacos o mixtos en el trastorno bipolar de la infancia -- Tratamiento de las alteraciones psiquiátricas comórbidas -- Prevención de recaídas en trastorno bipolar infantil y adolescente -- Perfil psicopatológico del trastorno bipolar en niños: Intervención psicosocial -- Psicoeducación del Trastorno Bipolar de inicio precoz: TCC focalizada en el niño y la familia -- Intervención psicológica en adolescentes con trastorno bipolar y consumo de sustancias -- Casos clínicos en el espectro bipolar: Un reto para el clínico -- Trastorno bipolar de inicio temprano: un caso clínico que plantea una encrucijada entre genética, historia y ambiente. | |
| 526 | _aP203 | ||
| 526 | _aP200 | ||
| 526 | _aSEG65 | ||
| 526 | _aSEG64 | ||
| 526 | _aSEG63 | ||
| 526 | _aSEG62 | ||
| 526 | _aSEG61 | ||
| 526 | _aSEG60 | ||
| 526 | _aSEG59 | ||
| 526 | _aSEG58 | ||
| 526 | _aSEG57 | ||
| 526 | _aSEG56 | ||
| 526 | _aSEG55 | ||
| 526 | _aSEG54 | ||
| 526 | _aSEG53 | ||
| 526 | _aSEG52 | ||
| 526 | _aSEG51 | ||
| 526 | _aSEG50 | ||
| 526 | _aSEG49 | ||
| 526 | _aSEG48 | ||
| 526 | _aSEG47 | ||
| 526 | _aSEG46 | ||
| 526 | _aSEG24 | ||
| 526 | _aSEG23 | ||
| 526 | _aSEG22 | ||
| 526 | _aSEG21 | ||
| 526 | _aSEG20 | ||
| 526 | _aSEG19 | ||
| 526 | _aSEG18 | ||
| 526 | _aSEG17 | ||
| 526 | _aSEG16 | ||
| 526 | _aSEG14 | ||
| 526 | _aSEG13 | ||
| 526 | _aSEG12 | ||
| 526 | _aSEG11 | ||
| 526 | _aSEG10 | ||
| 526 | _aSEG09 | ||
| 526 | _aSEG06 | ||
| 526 | _aSEG05 | ||
| 526 | _aSEG04 | ||
| 526 | _aSEG03 | ||
| 526 | _aSEG02 | ||
| 526 | _aSEG68 | ||
| 526 | _aSEG66 | ||
| 526 | _aSEG45 | ||
| 526 | _aSEG25 | ||
| 526 | _aSEG01 | ||
| 526 | _aP163 | ||
| 526 | _aP162 | ||
| 526 | _aP161 | ||
| 526 | _aP160 | ||
| 526 | _aP159 | ||
| 526 | _aP158 | ||
| 526 | _aP157 | ||
| 526 | _aP156 | ||
| 526 | _aP155 | ||
| 526 | _aP154 | ||
| 526 | _aP153 | ||
| 526 | _aP152 | ||
| 526 | _aP151 | ||
| 526 | _aP150 | ||
| 526 | _aP149 | ||
| 526 | _aP142 | ||
| 526 | _aP141 | ||
| 526 | _aP140 | ||
| 526 | _aP139 | ||
| 526 | _aP138 | ||
| 526 | _aP137 | ||
| 526 | _aP132 | ||
| 526 | _aP131 | ||
| 526 | _aP130 | ||
| 526 | _aP126 | ||
| 526 | _aP125 | ||
| 526 | _aP124 | ||
| 526 | _aP123 | ||
| 526 | _aP115 | ||
| 526 | _aP122 | ||
| 526 | _aP121 | ||
| 526 | _aP116 | ||
| 526 | _a P114 | ||
| 526 | _aP112 | ||
| 526 | _aP111 | ||
| 526 | _aP104 | ||
| 526 | _aP103 | ||
| 526 | _aP102 | ||
| 526 | _aP101 | ||
| 526 | _aP100 | ||
| 526 | _aP96 | ||
| 526 | _aP95 | ||
| 526 | _aP93 | ||
| 526 | _aP92 | ||
| 526 | _aP91 | ||
| 526 | _aP88 | ||
| 526 | _aP83 | ||
| 526 | _aP82 | ||
| 526 | _aP79 | ||
| 526 | _aP78 | ||
| 526 | _aP75 | ||
| 526 | _aP74 | ||
| 526 | _aP71 | ||
| 526 | _aP69 | ||
| 526 | _a P51 | ||
| 526 | _aP49 | ||
| 526 | _aP48 | ||
| 526 | _aP47 | ||
| 526 | _aP33 | ||
| 526 | _aP31 | ||
| 526 | _a P30 | ||
| 526 | _aP29 | ||
| 526 | _aP27 | ||
| 526 | _aP26 | ||
| 526 | _aP25 | ||
| 526 | _aP24 | ||
| 526 | _a P22 | ||
| 526 | _aP10 | ||
| 526 | _aP09 | ||
| 526 | _a P08 | ||
| 526 | _aP06 | ||
| 526 | _aP05 | ||
| 526 | _aP04 | ||
| 526 | _aP01 | ||
| 541 | _g015-0015996; | ||
| 541 | _g015-0015996; | ||
| 541 | _g015-0015996; | ||
| 650 | 0 | 4 | _aTrastornos bipolares. |
| 650 | 0 | 4 | _aNeurosis obsesivas. |
| 650 | 0 | 4 | _aDepresión mental. |
| 650 | 0 | 4 |
_aTrastornos bipolares _xTratamiento. |
| 650 | 0 | 4 |
_aTrastornos bipolares _xDiagnóstico. |
| 650 | 0 | 4 |
_aTrastornos bipolares _xTerapia. |
| 650 | 0 | 4 |
_aPsicoterapia _xTécnicas. |
| 700 | 1 |
_aBielsa Carrafa, Anna, _eautor. |
|
| 700 | 1 |
_aRafael Linares, Aurelia, _eautor. |
|
| 910 |
_agl _cng _d20131104 |
||
| 942 |
_2ddc _cBOOK |
||
| 949 |
_a616.895 T69 _wDEWEY _c1 _i68865 _lCCODEBUL1 _mBUL _p45.00 _r0 _sY _tBOOK _u2015-7-6 _xSALUD _PP33 _o.STAFF. Colección General |
||
| 949 |
_a616.895 T69 _wDEWEY _c2 _i68866 _lCCODEBUL1 _mBUL _p45.00 _r0 _sY _tBOOK _u2015-7-6 _xSALUD _PP33 _o.STAFF. Colección General |
||
| 949 |
_a616.895 T69 _wDEWEY _c3 _i68867 _lCCODEBUL1 _mBUL _p45.00 _r0 _sY _tBOOK _u2015-7-6 _xSALUD _PP33 _o.STAFF. Colección General |
||
| 994 |
_aC0 _bPEPRU |
||
| 596 | _a1 | ||
| 999 |
_a616.895 T69 _wDEWEY _c56064 _i68865 _d56064 _e2018-3-19 _f2021-11-25 _g5 _lCCODEBUL1 _mBUL _n6 _p45.00 _q1 _r0 _sY _tBOOK _u2015-7-6 _xSALUD _PP33 _o.STAFF. Colección General |
||
| 999 |
_a616.895 T69 _wDEWEY _c2 _i68866 _d2018-3-22 _e2017-5-23 _f2021-11-4 _g5 _lCCODEBUL1 _mBUL _n2 _p45.00 _q1 _r0 _sY _tBOOK _u2015-7-6 _xSALUD _PP33 _o.STAFF. Colección General |
||
| 999 |
_a616.895 T69 _wDEWEY _c3 _i68867 _d2018-9-6 _e2018-9-5 _f2021-11-4 _g5 _lCCODEBUL1 _mBUL _n8 _p45.00 _q1 _r0 _sY _tBOOK _u2015-7-6 _xSALUD _PP33 _o.STAFF. Colección General |
||
| 980 |
_81 _gALBERTO SANCHEZ Responsable de Automatización |
||